हाँगकाँगची शवपेटी (Record no. 165911)

MARC details
000 -LEADER
fixed length control field 00633nam a2200193Ia 4500
008 - FIXED-LENGTH DATA ELEMENTS--GENERAL INFORMATION
fixed length control field 090124s9999 xx 000 0 und d
082 ## - DEWEY DECIMAL CLASSIFICATION NUMBER
Item number 119825
100 ## - MAIN ENTRY--PERSONAL NAME
Personal name चेस जेम्स हॅडले
245 ## - TITLE STATEMENT
Title हाँगकाँगची शवपेटी
250 ## - EDITION STATEMENT
Edition statement 1
260 ## - PUBLICATION, DISTRIBUTION, ETC. (IMPRINT)
Date of publication, distribution, etc 1980
300 ## - PHYSICAL DESCRIPTION
Extent 210
600 ## - SUBJECT ADDED ENTRY--PERSONAL NAME
Personal name चेस जेम्स हॅडले
630 ## - SUBJECT ADDED ENTRY--UNIFORM TITLE
Uniform title हाँगकाँगची शवपेटी
700 ## - ADDED ENTRY--PERSONAL NAME
Personal name देवधर विजय
700 ## - ADDED ENTRY--PERSONAL NAME
Personal name चेस जेम्स हॅडले
730 ## - ADDED ENTRY--UNIFORM TITLE
Uniform title हाँगकाँगची शवपेटी
942 ## - ADDED ENTRY ELEMENTS (KOHA)
Koha item type Book
Holdings
Withdrawn status Lost status Damaged status Not for loan Home library Current library Date acquired Cost, normal purchase price Total Checkouts Full call number Barcode Date last seen Cost, replacement price Price effective from Koha item type
        Marathi Granth Sangrahalaya,Thane Marathi Granth Sangrahalaya,Thane   16.00   119825 THNMGS-119825 01/24/2009 16.00 01/24/2009 Book